Tarikh-i Firoz Shahi (Record no. 100287)
[ view plain ]
| 000 -LEADER | |
|---|---|
| fixed length control field | 00574nam a22001817a 4500 |
| 005 - DATE AND TIME OF LATEST TRANSACTION | |
| control field | 20160613115206.0 |
| 010 ## - LCCN (DPL NO) | |
| LC control number | ENG-115254 |
| 020 ## - INTERNATIONAL STANDARD BOOK NUMBER | |
| International Standard Book Number | 9789384082109 |
| Terms of availability | 1595.00 |
| 035 ## - SYSTEM CONTROL NUMBER | |
| System control number | EN-98786 |
| 037 ## - SOURCE OF ACQUISITION | |
| Source of stock number/acquisition | DBAD/PUB |
| 245 ## - TITLE STATEMENT | |
| Title | Tarikh-i Firoz Shahi |
| Remainder of title | Tranleted from the Engish by Ishtiyaq Ahmad Zilli . |
| 260 ## - PUBLICATION, DISTRIBUTION, ETC. (IMPRINT) | |
| Place of publication, distribution, etc | Delhi |
| Name of publisher, distributor, etc | PRIMUS BOOK |
| Date of publication, distribution, etc | 2015 |
| 270 ## - ADDRESS | |
| Address | An imprint of Ratna Sagar,Virat Bhawan,Mukherjee Nagar Commercial Complex |
| City | Delhi |
| Postal code | 110009 |
| 300 ## - PHYSICAL DESCRIPTION | |
| Extent | xii,396p. |
| Dimensions | 24cm(Hb) |
| 500 ## - GENERAL NOTE | |
| General note | includes index |
| 700 ## - ADDED ENTRY--PERSONAL NAME | |
| Personal name | Zilli, Ishtiyaq Ahmad |
| 942 ## - ADDED ENTRY ELEMENTS (KOHA) | |
| Source of classification or shelving scheme | Dewey Decimal Classification |
| Item type | English Books |
| Call number suffix | TAR |
No items available.
